| 000 | 00000nas 2200000za 4500 |
| 001 | 9.809534 |
| 003 | CaOODSP |
| 005 | 20221107140646 |
| 007 | cr ||||||||||| |
| 008 | 160120d19441946oncar p oss f000#a0eng|d |
| 022 | |y0825-4184 |
| 040 | |aCaOODSP|beng |
| 043 | |an-cn--- |
| 086 | 1 |aCS68-204E-PDF |
| 245 | 00|aFinancial statistics of municipal governments in Canada |h[electronic resource]. |
| 260 | |aOttawa : |bDominion Bureau of Statistics, Public Finance Branch, |c1948-1949. |
| 310 | |aAnnual |
| 362 | 0 |a1944-1946. |
| 500 | |aDigitized edition from print [produced by Statistics Canada]. |
| 500 | |aIssue for 1946 issued in the series: D.B.S. memorandum. |
| 550 | |aIssued 1945-1946 by Public Finance Division. |
| 692 | 07|2gccst|aLocal governments |
| 692 | 07|2gccst|aFinance |
| 710 | 1 |aCanada.|bDominion Bureau of Statistics.|bPublic Finance Branch. |
| 710 | 1 |aCanada.|bDominion Bureau of Statistics.|bPublic Finance Division. |
| 785 | 00|tFinancial statistics of municipal governments |w(CaOODSP)9.831211 |